LEADER 01465nam0 2200325 i 450 001 VEA0052342 005 20251003044438.0 020 $aIT$b94-9187 100 $a20130827d1994 ||||0itac50 ba 101 | $aita 102 $ait 181 1$6z01$ai $bxxxe 182 1$6z01$an 200 1 $aPianificazione del territorio, federalismo e autonomie locali$fGilberto Oneto 210 $aFirenze$cAlinea$d 1994! 215 $a130 p.$d22 cm. 225 | $aSaggi e documenti$v120 410 0$1001CFI0005322$12001 $aSaggi e documenti$v120 676 $a711$9URBANISTICA$v12 676 $a711.30945$9URBANISTICA. PIANI E PIANIFICAZIONE INTERREGIONALE, REGIONALE, PROVINCIALE. ITALIA$v20 676 $a711.30945$9URBANISTICA. PIANIFICAZIONE A LIVELLO INTERLOCALE E LOCALE. Italia$v21 700 1$aOneto$b, Gilberto$3CFIV040832$4070$07698 801 3$aIT$bIT-000000$c20130827 850 $aIT-BN0095 901 $bNAP 01$cPOZZO LIB.$nVi sono collocati fondi di economia, periodici di ingegneria e scienze, periodici di economia e statistica e altri fondi comprendenti documenti di economia pervenuti in dono. 912 $aVEA0052342 950 0$aBiblioteca Centralizzata di Ateneo$c1 v.$d 01POZZO LIB.ECON MON 5543$e 0101 0000240335E VMA 1 v.$fB $h20210331$i20210331 977 $a 01 996 $aPianificazione del territorio, federalismo e autonomie locali$91770355 997 $aUNISANNIO